Statistics for Football players full names

Click here to take the quiz!

General Stats

  • This quiz has been taken 26 times
  • The average score is 9 of 20

Answer Stats

Answer% Correct
Cristiano Ronaldo
87%
Diego Armando Maradona
80%
Roberto Carlos
73%
Pelé
67%
Virgil Van Dijk
67%
Karim Benzema
60%
Zlatan Ibrahimovic
60%
Lionel Messi
53%
Declan Rice
47%
Kylian Mbappe
40%
Thibaut Courtois
40%
Erling Haaland
33%
Kevin De Bruyne
33%
Ronaldinho Gaucho
33%
Martin Odegaard
20%
Vinicius Junior
20%
Jude Bellingham
13%
Marcus Rashford
13%
Ronaldo Fenomeno
13%
Robert Lewandoski
7%

Score Distribution

Percentile by Number Answered

Percent of People with Each Score

Your Score History

You have not taken this quiz